[Event "World Blitz 2025"]
[Site "Doha QAT"]
[Date "2025.12.30"]
[Round "18.45"]
[White "Klukin, Kirill"]
[Black "Warmerdam, Max"]
[Result "1/2-1/2"]
[WhiteTitle "IM"]
[BlackTitle "GM"]
[WhiteElo "2414"]
[BlackElo "2573"]
[WhiteFideId "24199273"]
[BlackFideId "1048104"]
[EventDate "2025.12.29"]

1. d4 d5 2. c4 e6 3. Nc3 Nf6 4. cxd5 exd5 5. Bg5 c6 6. e3 h6 7. Bh4 Be7 8. Bd3
O-O 9. f3 Re8 10. Nge2 a5 11. O-O b5 12. Rc1 Nbd7 13. Bf2 Ba6 14. Qd2 Bf8 15.
Rfe1 a4 16. e4 b4 17. Nd1 Bxd3 18. Qxd3 dxe4 19. fxe4 Rxe4 20. Ne3 c5 21. d5 Ne5
22. Qc2 c4 23. Ng3 Rf4 24. Rcd1 Nd3 25. Rxd3 cxd3 26. Qxd3 Bc5 27. Ngf5 Nxd5 28.
Rd1 a3 29. bxa3 Rxa3 30. Qxd5 Qxd5 31. Rxd5 Rxa2 32. Rxc5 Rfxf2 33. Rb5 Rfb2 34.
h4 h5 1/2-1/2

[Event "World Blitz 2025"]
[Site "Doha QAT"]
[Date "2025.12.30"]
[Round "18.46"]
[White "Bortnyk, Olexandr"]
[Black "Rakhmanov, Aleksandr"]
[Result "1-0"]
[WhiteTitle "GM"]
[BlackTitle "GM"]
[WhiteElo "2601"]
[BlackElo "2585"]
[WhiteFideId "14120828"]
[BlackFideId "4173708"]
[EventDate "2025.12.29"]

1. d4 d5 2. Nc3 Nf6 3. Bf4 a6 4. e3 h6 5. a3 e6 6. Nf3 c5 7. h3 b5 8. dxc5 Bxc5
9. Bd3 Bb7 10. Qe2 Nbd7 11. O-O O-O 12. Rad1 Qb6 13. e4 dxe4 14. Nxe4 Nxe4 15.
Bxe4 Bxe4 16. Qxe4 Nf6 17. Qe2 Rfd8 18. Be5 Be7 19. Bd4 Qc7 20. Rfe1 Rac8 21. c3
Qb7 22. Ne5 Bf8 23. Rd3 Rd5 24. Rg3 Qe7 25. Qf3 Nd7 26. Ng4 Qh4 27. Ne3 Rd6 28.
Rg4 Qd8 29. Bxg7 Bxg7 30. Rxg7+ Kxg7 31. Qg3+ Qg5 32. Qxd6 Ne5 33. Kf1 Rd8 34.
Nf5+ Qxf5 35. Qxd8 Nd3 36. Qd4+ e5 37. Qg4+ Qxg4 38. hxg4 Nxe1 39. Kxe1 Kf6 40.
Ke2 e4 41. Ke3 Ke5 42. b3 Kd5 43. f3 exf3 44. gxf3 a5 45. Kd3 Kc5 46. c4 bxc4+
47. bxc4 f5 48. Kc3 fxg4 49. fxg4 a4 50. Kd3 Kd6 51. Kd4 1-0

[Event "World Blitz 2025"]
[Site "Doha QAT"]
[Date "2025.12.30"]
[Round "18.47"]
[White "Niemann, Hans Moke"]
[Black "Kosakowski, Jakub"]
[Result "0-1"]
[WhiteTitle "GM"]
[BlackTitle "GM"]
[WhiteElo "2725"]
[BlackElo "2549"]
[WhiteFideId "2093596"]
[BlackFideId "1185080"]
[EventDate "2025.12.29"]

1. e4 c5 2. Nf3 d6 3. d4 cxd4 4. Nxd4 Nf6 5. Nc3 a6 6. Bg5 e6 7. f3 Be7 8. Qd2
Qc7 9. O-O-O Nbd7 10. g4 h6 11. Be3 b5 12. a3 Rb8 13. h4 b4 14. axb4 Rxb4 15.
Be2 Ne5 16. g5 Nfd7 17. Nd5 exd5 18. Qxb4 dxe4 19. f4 Nd3+ 20. Bxd3 exd3 21.
Rxd3 Nc5 22. Rdd1 Bg4 23. Rd2 hxg5 24. fxg5 O-O 25. Qc4 Rb8 26. g6 Qa5 27. Qxf7+
Kh8 28. Kb1 Bf6 29. Rf2 Be6 30. Rxf6 Qa2+ 31. Kc1 Bxf7 32. Rxf7 Qa1+ 33. Kd2
Qxh1 0-1

[Event "World Blitz 2025"]
[Site "Doha QAT"]
[Date "2025.12.30"]
[Round "18.48"]
[White "Giri, Anish"]
[Black "Bharath, Subramaniyam H"]
[Result "1/2-1/2"]
[WhiteTitle "GM"]
[BlackTitle "GM"]
[WhiteElo "2760"]
[BlackElo "2576"]
[WhiteFideId "24116068"]
[BlackFideId "46634827"]
[EventDate "2025.12.29"]

1. e4 c5 2. Nf3 Nc6 3. Bb5 g6 4. O-O Bg7 5. Re1 e5 6. Bxc6 dxc6 7. a3 Qe7 8. b4
cxb4 9. axb4 Nf6 10. d3 O-O 11. Nbd2 Rd8 12. Nc4 Bg4 13. Bd2 Nd7 14. h3 Be6 15.
Na5 Rdb8 16. Ng5 h6 17. Nxe6 Qxe6 18. Be3 f5 19. Nb3 a6 20. exf5 gxf5 21. Nc5
Nxc5 22. Bxc5 Re8 23. Rb1 Rad8 24. Qh5 Qf7 25. Qf3 Re6 26. Re2 Rde8 27. Rbe1 Qg6
28. Kh1 Kh8 29. Re3 e4 30. dxe4 Rxe4 31. Rxe4 Rxe4 32. Rd1 Qe6 33. Kh2 Kh7 34.
g3 Re2 35. Rd6 Qe4 36. Qxe4 fxe4 37. Rd7 Kg6 38. Rxb7 Rxc2 39. Rb6 Kf5 40. Rxa6
h5 41. Kg2 Bh6 42. Ra3 Bd2 43. Rb3 Ke5 44. g4 hxg4 45. hxg4 Kf4 46. Rg3 Kg5 47.
Kf1 Bf4 48. Be3 Bxe3 49. Rxe3 Rc4 50. Rb3 Kxg4 51. b5 cxb5 1/2-1/2

[Event "World Blitz 2025"]
[Site "Doha QAT"]
[Date "2025.12.30"]
[Round "18.49"]
[White "Pichot, Alan"]
[Black "Rodrigue-Lemieux, Shawn"]
[Result "1/2-1/2"]
[WhiteTitle "GM"]
[BlackTitle "GM"]
[WhiteElo "2597"]
[BlackElo "2517"]
[WhiteFideId "110973"]
[BlackFideId "2620049"]
[EventDate "2025.12.29"]

1. e4 c5 2. Nf3 e6 3. d4 cxd4 4. Nxd4 Nc6 5. Nc3 Bc5 6. Nb3 Bb4 7. Bd3 Nge7 8.
O-O O-O 9. Bd2 e5 10. a3 Bxc3 11. Bxc3 d5 12. exd5 Nxd5 13. Bd2 Qf6 14. Re1 Bf5
15. Qf3 Bxd3 16. Qxd3 Rfd8 17. Qe4 Rac8 18. Rad1 Nf4 19. Bxf4 Rxd1 20. Rxd1 exf4
21. c3 g6 22. Nc5 b6 23. Nd7 Qg5 24. Rd5 Qe7 25. Qxe7 Nxe7 26. Rd4 Nf5 27. Rd2
Kg7 28. Ne5 h5 29. Kf1 Re8 30. Nf3 Kf6 31. h4 Re7 32. Rd8 Rc7 33. Ke2 Re7+ 34.
Kd3 Nh6 35. Rd4 Kf5 36. Rd5+ Kf6 37. Ng5 Ng4 38. Nh3 Re1 39. Kd2 Rb1 40. Rb5 Rh1
41. f3 Ne5 42. Nxf4 Rxh4 43. Nd5+ Kg7 44. Nxb6 Nxf3+ 45. gxf3 axb6 46. Rxb6 Rh2+
47. Ke1 h4 48. Kf1 h3 49. Kg1 Rg2+ 50. Kh1 g5 51. Rb5 Kg6 52. a4 f5 53. a5 g4
54. fxg4 fxg4 55. a6 g3 56. Rb8 Rh2+ 57. Kg1 Rg2+ 58. Kh1 Rh2+ 59. Kg1 Rg2+ 60.
Kh1 Rh2+ 61. Kg1 Rg2+ 62. Kh1 1/2-1/2

[Event "World Blitz 2025"]
[Site "Doha QAT"]
[Date "2025.12.30"]
[Round "18.50"]
[White "Sargsyan, Shant"]
[Black "Ansat, Aldiyar"]
[Result "1-0"]
[WhiteTitle "GM"]
[BlackTitle "IM"]
[WhiteElo "2665"]
[BlackElo "2479"]
[WhiteFideId "13306766"]
[BlackFideId "13715658"]
[EventDate "2025.12.29"]

1. Nf3 Nf6 2. c4 e6 3. b3 d5 4. e3 Be7 5. Bb2 O-O 6. Nc3 c5 7. cxd5 exd5 8. d4
Nc6 9. Be2 Bg4 10. dxc5 Bxc5 11. O-O a6 12. h3 Bf5 13. Rc1 Ba7 14. Na4 Ne4 15.
Nc3 Nf6 16. Na4 Ne4 17. Nd4 Qg5 18. Nxf5 Qxf5 19. Bf3 Rad8 20. Qc2 Rfe8 21. Rfd1
h6 22. Nc3 Qe6 23. Nxe4 dxe4 24. Rxd8 Nxd8 25. Bg4 Qe7 26. Qc3 f6 27. Qc4+ Kh7
28. Rd1 b5 29. Qc8 Ne6 30. Qxa6 Nc5 31. Qxb5 Nd3 32. Bf5+ Kh8 33. Ba3 Qf7 34.
Bxe4 Nxf2 35. Kxf2 Rxe4 36. Rd8+ Kh7 37. Qf5+ Qg6 38. Rh8+ Kxh8 39. Qxg6 Rxe3
40. Kf1 Rc3 41. Qe8+ Kh7 42. Qe4+ Kh8 43. Bb2 Rc7 44. Bd4 1-0

[Event "World Blitz 2025"]
[Site "Doha QAT"]
[Date "2025.12.30"]
[Round "18.51"]
[White "Quparadze, Giga"]
[Black "Suyarov, Mukhammadzokhid"]
[Result "0-1"]
[WhiteTitle "GM"]
[BlackTitle "IM"]
[WhiteElo "2502"]
[BlackElo "2454"]
[WhiteFideId "13602250"]
[BlackFideId "14210495"]
[EventDate "2025.12.29"]

1. e4 e5 2. Nf3 Nf6 3. d4 Nxe4 4. Bd3 Nc6 5. Nxe5 Nxe5 6. dxe5 Nc5 7. Be2 d6 8.
Bf4 Bf5 9. exd6 Bxd6 10. Bxd6 Qxd6 11. Qxd6 cxd6 12. Na3 O-O-O 13. O-O-O Rhe8
14. Bc4 Be6 15. Rhe1 a6 16. f3 Kc7 17. Bxe6 fxe6 18. Nc4 b5 19. Nd2 d5 20. Re5
Kd6 21. Rg5 g6 22. Ne4+ Kc6 23. Nf6 Re7 24. h4 Rf8 25. Ng4 Kd6 26. Ne3 Nd7 27.
h5 gxh5 28. Rxh5 Rg7 29. Rh6 Rf6 30. Rxd5+ exd5 31. Rxf6+ Nxf6 32. Nf5+ Ke5 33.
Nxg7 Kf4 34. Kd2 Kg3 35. Ke3 h5 36. Nf5+ Kxg2 37. Kf4 Kf2 38. c3 Nd7 39. b4 Nb6
40. Nd4 Na4 41. Kg5 Nxc3 42. f4 Ne4+ 43. Kxh5 Ke3 44. Nb3 d4 45. f5 d3 46. Kg6
d2 0-1

[Event "World Blitz 2025"]
[Site "Doha QAT"]
[Date "2025.12.30"]
[Round "18.52"]
[White "Zemlyanskii, Ivan"]
[Black "Movahed, Sina"]
[Result "1-0"]
[WhiteTitle "GM"]
[BlackTitle "GM"]
[WhiteElo "2592"]
[BlackElo "2596"]
[WhiteFideId "24249971"]
[BlackFideId "42520835"]
[EventDate "2025.12.29"]

1. e4 c5 2. Nf3 d6 3. d4 cxd4 4. Nxd4 Nf6 5. Nc3 g6 6. Be3 Bg7 7. f3 Nc6 8. Qd2
O-O 9. O-O-O Nxd4 10. Bxd4 Be6 11. Kb1 Re8 12. h4 Qa5 13. h5 Rec8 14. hxg6 hxg6
15. a3 Rab8 16. Bd3 b5 17. Qg5 Qc7 18. e5 dxe5 19. Bxe5 Qc5 20. f4 Rb6 21. Bxg6
fxg6 22. Qxg6 Bf7 23. Rh8+ Kxh8 24. Qxf7 Rg8 25. Ne4 Qxe5 26. Rh1+ Qh5 27. Rxh5+
Nxh5 28. Qxh5+ Rh6 29. Qc5 Rf8 30. g3 e5 31. Ng5 exf4 32. gxf4 a6 33. Qd5 Rhf6
34. f5 Bh6 35. Ne6 R8f7 36. Qd8+ Kh7 37. Qd3 Kh8 38. Qd4 Kh7 39. Qe4 Kh8 40. Qh4
Kg8 41. a4 Bg7 42. axb5 axb5 43. Ng5 Rh6 44. Qe4 Ra7 45. Qd5+ Kh8 46. Qd8+ 1-0

[Event "World Blitz 2025"]
[Site "Doha QAT"]
[Date "2025.12.30"]
[Round "18.53"]
[White "Muradli, Mahammad"]
[Black "Zverev, Lev"]
[Result "1-0"]
[WhiteTitle "GM"]
[BlackTitle "IM"]
[WhiteElo "2581"]
[BlackElo "2453"]
[WhiteFideId "13409301"]
[BlackFideId "24250775"]
[EventDate "2025.12.29"]

1. d4 Nf6 2. c4 e6 3. Nf3 d5 4. g3 Bb4+ 5. Bd2 Be7 6. Bg2 O-O 7. O-O c6 8. Bf4
b6 9. Nbd2 Nh5 10. Bxb8 Rxb8 11. e4 Nf6 12. e5 Nd7 13. Rc1 f6 14. cxd5 cxd5 15.
exf6 Bxf6 16. Qe2 Re8 17. Rfe1 Bb7 18. h4 h6 19. Bh3 Nf8 20. Ne5 Rc8 21. Ndf3
Qd6 22. g4 g5 23. hxg5 hxg5 24. Qe3 Nh7 25. Kg2 Qe7 26. Rh1 Ba6 27. Kg3 Kg7 28.
Rxc8 Rxc8 29. Bf1 Bxf1 30. Rxf1 Bxe5+ 31. Nxe5 Qf6 32. Kg2 Rc2 33. Rc1 Rxb2 34.
Rc7+ Kg8 35. Rf7 Qxf7 36. Nxf7 Kxf7 37. Qa3 Rb1 38. Qxa7+ Kg6 39. Qe7 Nf6 40.
Qxe6 Rb2 41. a4 Kg7 42. Qf5 Kf7 43. Kg3 Rb4 44. f3 Rxd4 45. Qxg5 Rxa4 46. Qf5
Kg7 47. Qe6 Rc4 48. Qxb6 Rc3 49. g5 Ne4+ 50. Kf4 Nxg5 51. Qd4+ Kg6 52. Qxc3 d4
53. Qc6+ Kh5 54. Qd5 1-0

[Event "World Blitz 2025"]
[Site "Doha QAT"]
[Date "2025.12.30"]
[Round "18.54"]
[White "Henriquez Villagra, Cristobal"]
[Black "Theodorou, Nikolas"]
[Result "0-1"]
[WhiteTitle "GM"]
[BlackTitle "GM"]
[WhiteElo "2598"]
[BlackElo "2652"]
[WhiteFideId "3409350"]
[BlackFideId "4262875"]
[EventDate "2025.12.29"]

1. e4 b6 2. d4 Bb7 3. Nc3 d6 4. f4 Nf6 5. Bd3 e6 6. Nf3 c5 7. d5 exd5 8. exd5
Be7 9. O-O O-O 10. a4 Na6 11. Bc4 Nb4 12. h3 a6 13. Be3 b5 14. axb5 axb5 15.
Rxa8 Qxa8 16. Nxb5 Nbxd5 17. Bc1 Nb6 18. Be2 Ne4 19. Re1 d5 20. Ne5 Bh4 21. Rf1
Ng3 22. Rf2 Nxe2+ 23. Rxe2 d4 24. c4 Qa1 25. Nd6 Ba8 26. Kh2 Qa7 27. Nexf7 Rxf7
28. Re8+ Rf8 29. Qh5 Qd7 30. Rxf8+ Kxf8 31. Nf5 Bf6 32. Qxh7 Qc6 33. Qg6 Nxc4
34. b3 Ne3 35. Nxe3 dxe3 36. Bxe3 Bd4 37. Bd2 Qxg6 0-1

[Event "World Blitz 2025"]
[Site "Doha QAT"]
[Date "2025.12.30"]
[Round "18.55"]
[White "Gurel, Ediz"]
[Black "Adhiban, Baskaran"]
[Result "1-0"]
[WhiteTitle "GM"]
[BlackTitle "GM"]
[WhiteElo "2645"]
[BlackElo "2557"]
[WhiteFideId "44507356"]
[BlackFideId "5018471"]
[EventDate "2025.12.29"]

1. e4 c6 2. Nf3 d5 3. Nc3 g6 4. d4 Bg7 5. h3 Nf6 6. Bd3 dxe4 7. Nxe4 Nxe4 8.
Bxe4 Nd7 9. O-O O-O 10. c3 c5 11. dxc5 Nxc5 12. Bc2 Bf5 13. Bxf5 gxf5 14. Be3
Ne4 15. Qb3 Qc7 16. Rfd1 f4 17. Bd4 Rfd8 18. Re1 Bxd4 19. cxd4 Nf6 20. Rac1 Qd6
21. Qxb7 Nd5 22. Qb3 Rab8 23. Qc2 Qg6 24. Qe2 Rd6 25. Ne5 Qf5 26. Rc5 e6 27. b3
Kh8 28. Nxf7+ Qxf7 29. Qe5+ Qg7 30. Qxd6 Rg8 31. Qe5 Nf6 32. g3 fxg3 33. fxg3
Qh6 34. Rf1 Rg6 35. Rc8+ 1-0

[Event "World Blitz 2025"]
[Site "Doha QAT"]
[Date "2025.12.30"]
[Round "18.56"]
[White "Maksimovic, Bojan"]
[Black "Salinas Herrera, Pablo"]
[Result "1/2-1/2"]
[WhiteTitle "GM"]
[BlackTitle "GM"]
[WhiteElo "2533"]
[BlackElo "2473"]
[WhiteFideId "14408120"]
[BlackFideId "3407128"]
[EventDate "2025.12.29"]

1. c4 e6 2. g3 d5 3. Bg2 dxc4 4. Qa4+ Nd7 5. Qxc4 a6 6. Qc2 c5 7. Nc3 Ra7 8. Nf3
b6 9. O-O Bb7 10. Rd1 Ngf6 11. d4 cxd4 12. Nxd4 Bxg2 13. Kxg2 Qa8+ 14. Kg1 Be7
15. Bg5 O-O 16. Rac1 Rc7 17. Qb1 Rfc8 18. e3 b5 19. Nce2 h6 20. Bxf6 Bxf6 21.
Rxc7 Rxc7 22. Rc1 Rxc1+ 23. Qxc1 Ne5 24. Qc2 g6 25. b3 Kg7 26. h3 h5 27. Nf4
Nf3+ 28. Nxf3 Qxf3 29. h4 e5 30. Nd3 Qg4 31. Kh2 Qf5 32. Qe2 Be7 33. e4 Qe6 34.
Kg2 1/2-1/2

[Event "World Blitz 2025"]
[Site "Doha QAT"]
[Date "2025.12.30"]
[Round "18.57"]
[White "Khubukshanov, Erdem"]
[Black "Bai, Jinshi"]
[Result "0-1"]
[WhiteTitle "IM"]
[BlackTitle "GM"]
[WhiteElo "2502"]
[BlackElo "2599"]
[WhiteFideId "54114527"]
[BlackFideId "8602280"]
[EventDate "2025.12.29"]

1. e4 e5 2. Nf3 Nf6 3. d4 Nxe4 4. Bd3 Nc6 5. dxe5 Nc5 6. Bc4 d6 7. exd6 Bxd6 8.
O-O O-O 9. Bg5 Qd7 10. h3 Qf5 11. Re1 Qg6 12. Kh1 Bf5 13. Nc3 Bxc2 14. Qd2 h6
15. Bf4 Rad8 16. Bxd6 Rxd6 17. Qf4 Bd3 18. Bd5 Ba6 19. Qh4 Nd3 20. Re4 Qf5 21.
Bxc6 Rxc6 22. Kg1 Rg6 23. Nd4 Qc5 24. Nce2 b6 25. Re3 Nxb2 26. Nf4 Rd6 27. Nf3
Nc4 28. Rc3 Bb7 29. Rac1 b5 30. a4 a6 31. axb5 axb5 32. Re1 Qb4 33. Rec1 Bxf3
34. Rxf3 Ne5 35. Rg3 Qd2 36. Rxc7 Qe1+ 37. Kh2 Rd1 38. Rxg7+ Kxg7 39. Ne6+ Kg8
40. Qxh6 Nf3+ 41. Kg3 Qe5+ 42. Kxf3 fxe6+ 0-1

[Event "World Blitz 2025"]
[Site "Doha QAT"]
[Date "2025.12.30"]
[Round "18.58"]
[White "Puranik, Abhimanyu"]
[Black "Goutham Krishna H"]
[Result "1-0"]
[WhiteTitle "GM"]
[BlackTitle "IM"]
[WhiteElo "2622"]
[BlackElo "2433"]
[WhiteFideId "5061245"]
[BlackFideId "25983504"]
[EventDate "2025.12.29"]

1. e4 d5 2. exd5 Qxd5 3. Nc3 Qd6 4. d4 Nf6 5. Nf3 a6 6. g3 b5 7. Bg2 Bb7 8. O-O
e6 9. Bf4 Qb6 10. a4 Bb4 11. axb5 axb5 12. Rxa8 Bxa8 13. Qe2 Bxc3 14. bxc3 O-O
15. Rb1 Ne4 16. Qd3 Qa5 17. c4 b4 18. h4 Nd7 19. Ng5 Nxg5 20. hxg5 g6 21. Bd2
Bxg2 22. Kxg2 Rb8 23. d5 exd5 24. cxd5 Qc5 25. Qe4 b3 26. Rxb3 Rxb3 27. cxb3 Nb6
28. Qe8+ Kg7 29. Qe5+ Kg8 30. Kh2 Nxd5 31. Be3 Qc6 32. Bd4 Kf8 33. Qh8+ Ke7 34.
Qxh7 Qc2 35. Qg7 Qxb3 36. Qe5+ Kd7 37. Qg7 Ne7 38. Bc5 Nf5 39. Qe5 Qe6 40. Qf4
Qd5 41. Qa4+ Qc6 42. Qb4 Qf3 43. Qa4+ c6 44. Qa7+ Ke6 45. Qb8 Kd5 46. Ba7 Nd6
47. Qb4 Ke6 48. Qc5 Nf5 49. Qc4+ Qd5 50. Qe2+ Kd7 51. Qa6 Nd6 52. Bb6 Qxg5 53.
Qa7+ Ke6 54. Qa8 Qh5+ 55. Kg1 Qb5 56. Be3 c5 57. Bf4 c4 58. Qd8 Nf5 59. Qc8+ Kf6
60. Qd8+ Ke6 61. Qc8+ Kd5 62. Qc7 Ke6 63. Qc8+ Kf6 64. Qd8+ Kg7 65. Qc7 Qd5 66.
Be5+ Kh6 67. Bf6 g5 68. Qc8 Kg6 69. Bc3 f6 70. Qe8+ Qf7 71. Qe4 Qd7 72. g4 Qd1+
73. Kg2 Qd7 74. gxf5+ Qxf5 75. Qxf5+ Kxf5 76. Kf3 Ke6 77. Kg4 Kd5 1-0

[Event "World Blitz 2025"]
[Site "Doha QAT"]
[Date "2025.12.30"]
[Round "18.59"]
[White "Makhnev, Denis"]
[Black "Siddharth, Jagadeesh"]
[Result "1-0"]
[WhiteTitle "GM"]
[BlackTitle "GM"]
[WhiteElo "2532"]
[BlackElo "2489"]
[WhiteFideId "13707647"]
[BlackFideId "5818320"]
[EventDate "2025.12.29"]

1. d4 Nf6 2. c4 e6 3. Nf3 d5 4. g3 Bb4+ 5. Bd2 a5 6. Bg2 O-O 7. Qc1 c6 8. O-O
Be7 9. Bf4 Nbd7 10. Rd1 h6 11. Qc2 b6 12. Ne5 Nxe5 13. dxe5 Nd7 14. cxd5 cxd5
15. e4 d4 16. Rxd4 Bc5 17. Rd1 g5 18. Bc1 Qc7 19. Qe2 Qxe5 20. Nc3 Nf6 21. Be3
Ba6 22. Qe1 Rfd8 23. h3 Kg7 24. Kh1 g4 25. Bf4 Qh5 26. h4 e5 27. Be3 Bb7 28. Nd5
Nxd5 29. exd5 Qf5 30. Bxc5 bxc5 31. Qe3 Rac8 32. Rac1 a4 33. Kg1 Ba6 34. Rxc5
Rxc5 35. Qxc5 Rc8 36. Qe3 Rd8 1-0

[Event "World Blitz 2025"]
[Site "Doha QAT"]
[Date "2025.12.30"]
[Round "18.60"]
[White "Aravindh, Chithambaram VR."]
[Black "Stribuk, Artiom"]
[Result "1-0"]
[WhiteTitle "GM"]
[BlackTitle "IM"]
[WhiteElo "2703"]
[BlackElo "2476"]
[WhiteFideId "5072786"]
[BlackFideId "13515659"]
[EventDate "2025.12.29"]

1. d4 Nf6 2. c4 c6 3. Nc3 d5 4. Nf3 e6 5. e3 Nbd7 6. Qc2 Bd6 7. b3 O-O 8. Be2 b6
9. O-O Bb7 10. Bb2 Qe7 11. a4 a5 12. Rad1 Rad8 13. Rfe1 Rfe8 14. h3 c5 15. cxd5
exd5 16. Nb5 Bb8 17. dxc5 Nxc5 18. Nfd4 Nfe4 19. Bf3 Be5 20. g3 Qf6 21. Bg2 h5
22. Qe2 h4 23. g4 Ba6 24. f3 Ng3 25. Qf2 Bxb5 26. axb5 Bxd4 27. Bxd4 Qe7 28. Qb2
f6 29. b4 Na4 30. Qc2 Qxb4 31. Rb1 Qc4 32. Qg6 Ne2+ 33. Rxe2 Qxe2 34. g5 Rf8 35.
gxf6 Rd7 36. fxg7 Rff7 37. Rc1 Nc5 38. Kh2 Rxg7 39. Bxg7 Rxg7 40. Qe8+ Kh7 41.
Qh5+ Kg8 42. Qxd5+ Kh7 43. Qh5+ Kg8 44. Qd5+ Kh7 45. f4 Qxe3 46. Qh5+ Kg8 47.
Bd5+ Kf8 48. Qh8+ 1-0

[Event "World Blitz 2025"]
[Site "Doha QAT"]
[Date "2025.12.30"]
[Round "18.61"]
[White "Wojtaszek, Radoslaw"]
[Black "Sasikiran, Krishnan"]
[Result "1-0"]
[WhiteTitle "GM"]
[BlackTitle "GM"]
[WhiteElo "2667"]
[BlackElo "2538"]
[WhiteFideId "1118358"]
[BlackFideId "5004985"]
[EventDate "2025.12.29"]

1. d4 Nf6 2. c4 e6 3. Nf3 b6 4. Bf4 Bb7 5. e3 Bd6 6. Bg3 Bxg3 7. hxg3 d6 8. Nc3
Nbd7 9. Qc2 h6 10. O-O-O Qe7 11. Be2 a6 12. Kb1 c5 13. Rh4 Rc8 14. Ka1 cxd4 15.
Rhxd4 d5 16. cxd5 exd5 17. Qf5 O-O 18. g4 Rxc3 19. bxc3 Rc8 20. c4 Qb4 21. Qb1
Qa5 22. cxd5 Bxd5 23. g5 hxg5 24. Nxg5 Bxa2 25. Qxa2 Qxg5 26. Bc4 Kf8 27. Rxd7
Nxd7 1-0

[Event "World Blitz 2025"]
[Site "Doha QAT"]
[Date "2025.12.30"]
[Round "18.62"]
[White "Kozak, Adam"]
[Black "Dardha, Daniel"]
[Result "1-0"]
[WhiteTitle "GM"]
[BlackTitle "GM"]
[WhiteElo "2546"]
[BlackElo "2603"]
[WhiteFideId "753246"]
[BlackFideId "240990"]
[EventDate "2025.12.29"]

1. Nf3 d5 2. b3 Bg4 3. e3 h6 4. Bb2 e6 5. d3 Nf6 6. Nbd2 Nbd7 7. Be2 Bf5 8. O-O
Bh7 9. a4 a5 10. Re1 Bb4 11. Ne5 O-O 12. Bf3 c6 13. Nxd7 Nxd7 14. e4 Qc7 15. g3
Bd6 16. Bg2 Rfd8 17. Rc1 Be5 18. Bxe5 Nxe5 19. d4 Nd7 20. exd5 exd5 21. Qe2 Nf6
22. Qe5 Qb6 23. c3 c5 24. dxc5 Qxc5 25. Qe7 Qb6 26. Qe3 Qc7 27. Qd4 Be4 28. c4
Bxg2 29. Kxg2 Qc6 30. Nf3 dxc4 31. Qxc4 Qxc4 32. Rxc4 Rd7 33. Re5 b6 34. Rb5 Rd6
35. Rd4 Re6 36. Rd2 Rc8 37. b4 Ne4 38. Rb2 Nc3 39. Rc2 Rec6 40. Ne5 Nxb5 41.
Nxc6 Kh7 42. axb5 axb4 43. Nxb4 Ra8 44. Rc6 Ra4 45. Nd5 1-0

[Event "World Blitz 2025"]
[Site "Doha QAT"]
[Date "2025.12.30"]
[Round "18.63"]
[White "Amin, Bassem"]
[Black "Motylev, Alexander"]
[Result "1/2-1/2"]
[WhiteTitle "GM"]
[BlackTitle "GM"]
[WhiteElo "2626"]
[BlackElo "2573"]
[WhiteFideId "10601457"]
[BlackFideId "4121830"]
[EventDate "2025.12.29"]

1. Nf3 d5 2. g3 Nf6 3. Bg2 e6 4. O-O Bd6 5. d3 Nc6 6. Nbd2 O-O 7. e4 Re8 8. Re1
dxe4 9. dxe4 e5 10. Nc4 h6 11. Nxd6 Qxd6 12. Qxd6 cxd6 13. c4 Nb4 14. Re2 Nd3
15. Ne1 Nxc1 16. Rxc1 Be6 17. Rd2 Red8 18. b3 Kf8 19. Rcd1 Ke7 20. Nc2 a5 21. a4
Nd7 22. Rxd6 Nc5 23. Rxd8 Rxd8 24. Rxd8 Kxd8 25. Na1 Nd3 26. Kf1 Kc7 27. Ke2 Nb4
28. Kd2 Kd6 29. Nc2 Nxc2 30. Kxc2 Kc5 31. Kc3 g5 1/2-1/2

[Event "World Blitz 2025"]
[Site "Doha QAT"]
[Date "2025.12.30"]
[Round "18.64"]
[White "Sankalp, Gupta"]
[Black "Donchenko, Alexander"]
[Result "1-0"]
[WhiteTitle "GM"]
[BlackTitle "GM"]
[WhiteElo "2557"]
[BlackElo "2661"]
[WhiteFideId "5097010"]
[BlackFideId "24603295"]
[EventDate "2025.12.29"]

1. e4 c6 2. d4 d5 3. Nd2 dxe4 4. Nxe4 Nf6 5. Nxf6+ exf6 6. c3 Bd6 7. Bd3 O-O 8.
Qc2 Re8+ 9. Ne2 h5 10. Be3 Nd7 11. O-O-O b5 12. d5 c5 13. Bxb5 Rb8 14. c4 a6 15.
Ba4 Re7 16. h3 h4 17. Nc3 Rb4 18. Bb3 Nb6 19. Ne4 f5 20. Nxd6 Qxd6 21. a3 Rxb3
22. Qxb3 Re4 23. Kb1 f4 24. Bc1 Bd7 25. Rhe1 Rxc4 26. Rd2 g6 27. Ka1 Kh7 28. f3
Bf5 29. Rde2 Qxd5 30. Qxb6 Qd3 31. Bd2 Rc2 32. Qf6 Rxd2 33. Qxf7+ Kh6 34. Qf8+
Kh5 35. Rxd2 Qxd2 36. Qe8 c4 37. Qe2 Qa5 38. Rc1 Bd3 39. Qe1 Qc5 40. Qc3 Qf2 41.
Re1 Qxg2 42. Re5+ Bf5 43. Rxf5+ 1-0

[Event "World Blitz 2025"]
[Site "Doha QAT"]
[Date "2025.12.30"]
[Round "18.65"]
[White "Vokhidov, Shamsiddin"]
[Black "Madaminov, Mukhiddin"]
[Result "0-1"]
[WhiteTitle "GM"]
[BlackTitle "GM"]
[WhiteElo "2641"]
[BlackElo "2552"]
[WhiteFideId "14204223"]
[BlackFideId "14210703"]
[EventDate "2025.12.29"]

1. e4 e5 2. Nf3 Nc6 3. Bc4 Nf6 4. d3 Bc5 5. O-O O-O 6. Re1 a6 7. c3 d6 8. a4 Ba7
9. h3 h6 10. a5 Re8 11. Qb3 Qe7 12. Nbd2 Nd8 13. d4 Be6 14. Bxe6 Qxe6 15. Qc2
exd4 16. cxd4 Qd7 17. Nf1 Qc6 18. Qxc6 Nxc6 19. d5 Nb4 20. Re2 Nxe4 21. Ra4 Nxf2
22. Rxe8+ Rxe8 23. Be3 Rxe3 24. Nxe3 Bxe3 25. Kf1 Nfd3 26. Ra3 Bc5 27. Rb3 Nf4
28. Nd2 f5 29. Rf3 Nfxd5 30. Ke2 g6 31. Nc4 Nc6 32. Kd2 Nxa5 0-1

[Event "World Blitz 2025"]
[Site "Doha QAT"]
[Date "2025.12.30"]
[Round "18.66"]
[White "Idani, Pouya"]
[Black "Droin, Augustin"]
[Result "1-0"]
[WhiteTitle "GM"]
[BlackTitle "IM"]
[WhiteElo "2611"]
[BlackElo "2480"]
[WhiteFideId "12510130"]
[BlackFideId "45105987"]
[EventDate "2025.12.29"]

1. e4 c5 2. Nf3 d6 3. d4 cxd4 4. Nxd4 Nf6 5. Nc3 Bd7 6. f3 e5 7. Nb3 Be7 8. Be3
O-O 9. Qd2 a5 10. a4 Na6 11. Bb5 Bxb5 12. axb5 Nb4 13. Na4 d5 14. c3 d4 15. cxd4
Rc8 16. Nc3 exd4 17. Nxd4 Bc5 18. Rd1 Nd7 19. O-O Ne5 20. Qe2 Qe8 21. Nf5 Bxe3+
22. Nxe3 Qe6 23. Kh1 Rfd8 24. Ned5 Nxd5 25. Nxd5 h6 26. f4 Nc4 27. f5 Qe5 28. f6
gxf6 29. Nxf6+ Kh8 30. Rxd8+ Rxd8 31. Qxc4 1-0